| 000 | 00746nam a2200181Ia 4500 | ||
|---|---|---|---|
| 008 | 090630s9999 xx 000 0 und d | ||
| 082 | _b18122 | ||
| 100 | _aप्रा. गांगुर्डे विश्वास. | ||
| 245 |
_aन उलघडणारी नाती. _cप्रा. गांगुर्डे विश्वास. |
||
| 260 | _bसमाधी - नाशिक. | ||
| 300 | _a160 | ||
| 600 | _aप्रा. गांगुर्डे विश्वास. | ||
| 630 | _aन उलघडणारी नाती. | ||
| 655 | _aलघुकथा. | ||
| 700 | _aप्रा. गांगुर्डे विश्वास. | ||
| 730 | _aन उलघडणारी नाती. | ||
| 942 | _cBOOK | ||
| 999 |
_c269978 _d269978 |
||